Koh-Lanta : Qui suis-je ? - Statistiques

Statistiques générales
  • Ce quiz a été pris 74 fois
  • Le résultat moyen est 4 sur 9
Statistiques - réponses
Énigme Qui suis-je % Correct
J'ai participé 3 fois à Koh-Lanta mais je ne me suis jamais fait éliminé lors d'un conseil.Au total, je remporte 5 épreuves individuelles dont 4 lors de ma première saison. J'ai pris en grippe une aventurière car elle avait trahi notre équipe. J'ai été idolâtré par un aventurier lors de mon arrivée et l'ai donc pris sous mon aile, avant qu'il me délaisse au détriment d'autres idoles... Moussa
74%
Lors de ma première saison, j'étais vu comme l'homme fort dès le premier jour en obtenant un collier d'immunité, puis j'ai été éliminé par les ambassadeurs.
Je suis ensuite revenu pour une deuxième aventure où j'ai été plus loin que la précédente. Malheureusement, je n'ai pas été jusqu'à l'orientation et me suis fait éliminé lors des Destins Liés. Je fais également partie d'une histoire de faux collier...
Yassin
70%
Ma sympathie et ma bonne humeur m'ont hissé jusqu'à l'orientation, bien que j'étais dans l'alliance majoritaire.Je n'hésitais pas à nourrir ma tribu même si je devais chasser du crabe toute la nuit. Sur le camp, on me surnommait Obélix... Arnaud
55%
Lors de ma première saison, j'ai participé à la réunion des ambassadeurs et j'ai tiré la boule blanche.Je n'ai pas été choisie lors d'une épreuve de confort et je me suis fait éliminée quelques jours plus tard sur une épreuve éliminatoire. Lors de ma deuxième aventure, j'ai été la première éliminée de mon équipe. Je réussis à remporter ma première épreuve individuelle lors de cette deuxième participation. Je reste tout de même un personnage emblématique de Koh-Lanta de part ma personnalité... Julie
49%
Mon caractère bien trempé m'a causé beaucoup de tort, notamment envers les femmes de mon équipe. J'ai réinventé les règles de Koh-Lanta pour gagner une épreuve individuelle et il est désormais interdit de faire ce que j'ai fait. Mon revirement d'alliance permettra à cette dernière d'aller très loin dans l'aventure, malheureusement pour moi, mon aventure s'arrête brutalement à cause d'un collier d'immunité... Gustin
36%
Je suis éliminé au dernier conseil en équipe avant de réintégrer le jeu dans la tribu réunifiée.Je décide alors de me rallier au camp adverse pour éliminer mes anciens coéquipiers. Finalement, je suis éliminé aux portes de l'orientation... Kader
26%
Je détiens le record du nombre d'épreuves individuelles remportées de ma saison avec 5 victoires dont 3 victoires de suite.J'ai obtenu 2 colliers d'immunités dont un qui a sauvé mon alliée de l'aventure lors d'un conseil. Après plus de 5 heures d'épreuve, le dernier poignard est finalement trouvé, ce qui entraîne mon élimination... Lola
25%
J'ai participé 2 fois à Koh-Lanta en atteignant à chaque fois la réunification.J'ai été à l'origine d'un retournement de situation inédit lors d'un conseil. Je n'ai pas été éliminée au conseil lors de ma deuxième saison mais celle-ci me laisse un goût très amer envers l'ambassadeur de mon équipe... Patricia
25%
J'ai participé à Koh-Lanta à l'âge de 23 ans et fait partie de l'équipe jaune.J'ai eu une très grosse altercation avec une personne de mon équipe car elle ne servait à rien selon moi.
J'ai atteint la réunification sans pour autant intégrer le jury final. En 2018, je devais participer à Koh-Lanta : Le Combat des Héros mais la production m'a appelé au dernier moment pour m'annoncer que je ne partais finalement pas aux Fidji...
Sakhone
9%
Aucun quiz correspondant
Distribution des résultats
% des personnes avec chaque résultat
Percentile par nombre de réponses
Votre historique - résultats
Vous n’avez pas pris ce quiz